Método de diseño, selección y aplicación para sistemas de control electomecánico

Presenta los criterios técnicos para el dimensionamiento y desarrollo de soluciones aplicables a los sistemas de control electromecánico que corresponden a motores de corriente directa y de corriente alterna.

Bibliographic Details
Main Author: Fariñas Morales, Ulises José
Other Authors: Tutor: Hernádez Solís, Alejandro
Format: Tesis Section = Libro
Language:Undetermined
Spanish
Published: Managua UNI 2021
Subjects:
LEADER 01015nam a2200253Ia 4500
008 240830s9999 xx 000 0 und d
040 |a BIBLIOTECA-RUSB/ Mon 621.312136 F224 
041 |a spa 
082 |a Mon 621.312136 F224 
100 1 |a Fariñas Morales, Ulises José 
245 1 0 |a Método de diseño, selección y aplicación para sistemas de control electomecánico 
260 |a Managua  |b UNI  |c 2021 
300 |a 103 p. :il. 
500 |a Incluye anexos y CD. 
502 |a Ingeniero Eléctrico 
520 3 |a Presenta los criterios técnicos para el dimensionamiento y desarrollo de soluciones aplicables a los sistemas de control electromecánico que corresponden a motores de corriente directa y de corriente alterna. 
650 7 |a INSTALACIONES ELECTRICAS 
650 7 |b  SISTEMA DE CONTROL ELECTROMECANICO 
650 7 |c  ENERGIA ELECTRICA 
650 7 |d  DISPOSITIVOS DE CONTROL Y PROTECCION 
700 1 |a Tutor:  |b Hernádez Solís, Alejandro 
942 |c BK  |2 ddc 
991 |a TESIS 
999 |c 22220